000 004960000a22001330004500
090 _aAS
_bSeriadas
245 1 0 _aNueva especie de anfibio (Anura: Leptodactylidae) de los alrededores de la Sabana de Bogotá, Colombia
041 0 _aEspañol
700 1 _aLynch, John D.
_992907
700 1 _aGalvis, Pedro A.
_999799
100 1 _aRueda Almonacid, José Vicente
_9689
942 _cARTICULO
773 1 _tRevista de Academia Colombiana de Ciencias Exactas, Físicas y Naturales
_h104
_q461-466
_d2003
_g27
999 _c15533
_d15533